书目信息 |
| 书名: | And the band played on | |
| 作者: | Randy Shilts. | |
| 分册号: | ||
| 分册名: | 出版地: | New York : |
|
| 出版社: | St. Martin’s Press | |
| 出版时间: | c1987. | |
| 页数: | xxiii, 630 p. ; | |
| 开本: | 24 cm. | |
| 丛书名: | ||
| 中图分类号: | ||
| 科图分类号: | ||
| 其他分类号: | R512.91 | |
| 主题词: | ||
| 电子资源: | ||
| 000 | 01018pam a2200301 a 450 | |
| 001 | E0741344562 | |
| 005 | 20070519113014.01 | |
| 008 | 870615s1987 nyu b 001 0 eng | |
| 010 | @a87016528 | |
| 020 | @a0312009941 :@c$24.95. | |
| 035 | @A(DLC) 87016528 | |
| 040 | @aDLC@cDLC@dDLC | |
| 043 | @an-us--- | |
| 050 | 00 | @aRA644.A25@bS48 1987 |
| 082 | 00 | @a362.1/969792/00973@2 19 |
| 090 | @aR512.91 | |
| 099 | @dR512.91@ex76 | |
| 100 | 1 | @aShilts, Randy. |
| 245 | 10 | @aAnd the band played on :@bpolitics, people, and the AIDS epidemic / @cRandy Shilts. |
| 260 | @aNew York :@bSt. Martin’s Press,@cc1987. | |
| 300 | @axxiii, 630 p. ;@c24 cm. | |
| 500 | @aIncludes index. | |
| 504 | @aBibliography: p. 607-613. | |
| 650 | 0 | @aAIDS (Disease)@xPolitical aspects@zUnited States. |
| 650 | 0 | @aAIDS (Disease)@xSocial aspects@zUnited States. |
| 650 | 0 | @aAIDS (Disease)@xHistory. |
| 906 | @a7@bcbc@corignew@d1@eocip@f19@gy-gencatlg | |
| 991 | @bc-GenColl@hRA644.A25@iS48 1987@p0002006299A@tCopy 1@wBOOKS | |
| And the band played on : : politics, people, and the AIDS epidemic / / Randy Shilts.-New York : : St. Martin’s Press, , c1987. |
| xxiii, 630 p. ; ; 24 cm. |
| Includes index.-Bibliography: p. 607-613. |
| ISBN 0312009941 :$24.95. |
| ● |
| 相关链接 |
|
|
|
|
正题名:And the band played on
索取号:R512.91/x76
 
预约/预借
| 序号 | 登录号 | 条形码 | 馆藏地/架位号 | 状态 | 备注 |
| 1 | 10723 | 300107239 | 第二样本阅览室/ [索取号:R512.91/x76] | 在馆 |